Statystyki dla stolice krajów Bałkańskich

Kliknij tutaj aby rozwiązać quiz!

Ogólne statystyki

  • Ten quiz został rozwiązany 71 razy
  • Średni wynik to 8 z 10

Statystyki odpowiedzi

państwostolica% Poprawnych
ChorwacjaZagrzeb
91%
SłoweniaLublana
89%
AlbaniaTirana
86%
SerbiaBelgrad
82%
Macedonia PółnocnaSkopje
82%
RumuniaBukareszt
77%
Bośnia i HercegowinaSarajewo
77%
BułgariaSofia
77%
KosowoPrisztina
75%
CzarnogóraPodgorica
68%

Rozkład punktacji

Percentyl według liczby udzielonych odpowiedzi

Procent ludzi z każdym wynikiem

Twoja historia wyników

Nie rozwiązałeś tego quizu